000 00870nam a22002177a 4500
005 20240530110346.0
008 141203s2010 ua f 000 0 ara d
017 _a15538/2009
_bمصر . دار الكتب المصرية
020 _a9789773277433
040 _aEG-CaGPL
041 0 _aara
082 0 4 _221
_a616.959\
_bن و
100 0 _aنسرين عبدالحميد نبيه
245 1 0 _aوباء انفلونزا الخنازير بين و جوب تصدى التشريعات له و اثاره المدمره على الاقتصاد العالمى /
_cنسرين عبدالحميد نبيه
250 _aط 1
260 _aالاسكندرية :
_bمكتبة الوفاء القانونية ،
_c2010
300 _a295 ص ؛
_c24 سم
650 0 4 _aانفلوانزا الخنازير
942 _2ddc
_cBK
999 _c59976
_d59976